|
|
|
|
| LEADER |
00000nab a2200000 a 4500 |
| 001 |
vtls000168536 |
| 003 |
SK-MaSNL |
| 005 |
20260305001850.0 |
| 008 |
240311c1983 xo 0 slo |
| 015 |
|
|
|a SNBRB19rr/mm-uuuuu
|
| 035 |
|
|
|a CL0178647
|
| 040 |
|
|
|a SNKBUCL
|b slo
|c SNKBUCL
|e AACR2
|
| 041 |
0 |
|
|a slo
|
| 044 |
|
|
|a xo
|c SK
|
| 080 |
|
|
|a 885.0-1(087.5)
|2 1981
|
| 100 |
1 |
|
|a Šrut, Pavel,
|d 1940-2018
|4 aut
|9 193595
|
| 245 |
1 |
0 |
|a Biela pani /a iné/
|c Pavel Šrut ; Daniel Hevier, Ondrej Zimka
|
| 500 |
|
|
|a Názvy ďalších básní: Dračie zálusky, Knedle s mäsom, Čo je to? Kráľovské stolovanie.
|
| 650 |
0 |
7 |
|a básne humoristické
|2 snkbucl
|9 893934
|
| 650 |
0 |
7 |
|a literatúra pre deti a mládež
|2 snkbucl
|9 21893
|
| 655 |
|
7 |
|a články z novín a časopisov
|2 snkbucl
|9 267496
|
| 655 |
|
7 |
|a články z odboru literárna veda a krásna literatúra
|2 snkbucl
|9 770045
|
| 700 |
1 |
|
|a Hevier, Daniel,
|d 1955-
|4 trl
|9 103400
|
| 700 |
1 |
|
|a Zimka, Ondrej,
|d 1937-
|4 gup
|9 103112
|
| 773 |
0 |
|
|t Zornička
|g Roč. 36, č. 8 (1983), s. /8/-9
|
| 850 |
|
|
|a Slovenská národná knižnica v Martine
|a MTA001
|
| 852 |
|
|
|a SNK
|b KIS3GCP
|
| 958 |
|
|
|a RK
|
| 958 |
|
|
|a CZ
|
| 958 |
|
|
|a LX
|
| 958 |
|
|
|a SK
|
| 992 |
|
|
|a RBX
|
| 999 |
|
|
|c 3221913
|d 3223843
|